Guess the Niall Horan song with no hints #7 - Statistics

General Stats
  • This quiz has been taken 20 times
  • The average score is 252 of 366
Answer Stats
Answer % Correct
I
100%
me
100%
No
100%
on
100%
you
100%
You
100%
you?
100%
a
93%
an
93%
And
93%
hear
93%
the
93%
to
93%
When
93%
be
86%
in
86%
love
86%
not
86%
now,
86%
Now
86%
now
86%
that
86%
this
86%
We
86%
do
79%
If
79%
I'm
79%
know
79%
see
79%
was
79%
were
79%
we're
79%
who
79%
for
71%
It
71%
it
71%
just
71%
Just
71%
like
71%
my
71%
nothin'
71%
of
71%
still
71%
they
71%
what
71%
your
71%
are
64%
back
64%
can
64%
only
64%
so
64%
there
64%
want
64%
why
64%
Why
64%
would
64%
But
57%
could
57%
dark
57%
eyes
57%
get
57%
heart
57%
here
57%
it's
57%
lookin'
57%
never
57%
over
57%
Standin'
57%
with
57%
Yeah,
57%
yeah
57%
Baby,
50%
feel
50%
holdin'
50%
knees
50%
last
50%
left
50%
loved
50%
real
50%
really
50%
right
50%
someone
50%
stranger
50%
think
50%
tryna
50%
won't
50%
arms
43%
crowd
43%
find
43%
gave
43%
give
43%
give,
43%
gonna
43%
known
43%
long
43%
lovers
43%
lyin'
43%
more
43%
onto
43%
out
43%
thought
43%
time
43%
took
43%
you'd
43%
You've
43%
apart?
36%
break
36%
darkness
36%
enough
36%
fall
36%
feels
36%
guess
36%
helpless
36%
honestly
36%
into
36%
matter
36%
Nobody
36%
nothing
36%
nothing,
36%
old
36%
somehow,
36%
week
36%
trippin'
29%
chase
21%
No matching quizzes found
Score Distribution
Percent of People with Each Score
Percentile by Number Answered
Your Score History
You have not taken this quiz